000 00472nam a2200181Ia 4500
001 9295
005 20260306161708.0
008 260306t2015||||xx |||||||||||||| ||spa||
041 _aESP
082 _a378.07973
_bM66
100 _aMitchell, Peter M.
_eAUT
245 4 _aThe coup at catholic university:
_bthe 1968 revolution in catholic education
260 _c2015
300 _a311 páginas :
_c23 cm.
650 _aGEN
654 _aCED
942 _cLIB
_dJUS
_fJUS
_2ddc
_n
999 _c9295
_d9295